LEADER 01310nam0 2200325 450 001 000036806 005 20140905123659.0 100 $a20140618d--------km-y0itaa50------ba 101 0 $apor 102 $aBL 200 1 $aMelodias registradas por meios nao-mecânicos$fArquivo folclorico da discoteca pùblica municipal 210 $aSão Paulo$cPreifetura do municipio de São Paulo 215 $aVolumi$cill.$d32 cm. 300 $aContiene i testi dei canti e i relativi spartiti musicali 327 1 $aVol. 1.: 1946. - 480 p., [5] carte di tav. 606 1 $aMelodia 676 $a781.2$v(22.ed.)$9Elementi della musica. Melodia 710 02$aArquivo folclorico da discoteca pùblica municipal$0757942 801 0$aIT$bUniversità della Basilicata - B.I.A.$gREICAT$2unimarc 912 $a000036806 996 $aMelodias registradas por meios nao-mecânicos$91529904 997 $aUNIBAS CAT $aSTD097$b01$c20140618$lBAS01$h1330 CAT $aSTD097$b01$c20140618$lBAS01$h1340 CAT $aTTM$b30$c20140905$lBAS01$h1236 CAT $aTTM$b30$c20140905$lBAS01$h1236 CAT $aBATCH$b00$c20180801$lBAS01$h1239 FMT Z30 -1$lBAS01$LBAS01$mBOOK$1BASA1$APolo Storico-Umanistico$2FROS$BFondo Rostirolla$3FRost/2566$62566$5D2566$820140618$f98$FConsultazione all $aall $n0009096